000 00796nam a2200277 a 4500
003 AR-BaBNM
005 20251128210319.0
008 082120s2002 ||||||||||||||000 | spa||
040 _cAR-BaBNM
100 1 _aMedina Echavarría, José
245 0 0 _aAspectos sociales del desarrollo económico de América Latina
_n2
260 _aParis
_bUNESCO
_c1963
300 _a292 p.
490 0 _aTecnología y sociedad
504 _aContiene bibliografía en notas al pie de página
650 4 _aDESARROLLO ECONOMICO
650 4 _aEDUCACION Y DESARROLLO
650 4 _aDESARROLLO SOCIAL
650 4 _aMOVILIDAD SOCIAL
650 4 _aCAMBIO SOCIAL
651 4 _aAmérica Latina
700 1 _aHiggins, Benjamin
700 1 _aPhillips, H.M.
_eprologuista
942 _cBK
998 _cRaquel
999 _c14915
_d14915